Statistics for Concentration Camps of the Holocaust

Click here to take the quiz!

General Stats

  • This quiz has been taken 816 times
  • The average score is 6 of 23

Answer Stats

LocationInformationConcentration Camp% Correct
PolandMost famous and largest concentration campAuschwitz-Birkenau
99%
GermanyWhere Anne Frank diedBergen-Belsen
65%
GermanyFirst camp opened in Germany for prominent academic, political, religious, and royal prisonersDachau
65%
PolandSecret concentration camp used in Operation ReinhardtTreblinka
62%
PolandExtermination camp, only a few Jews survivedSobibor
43%
GermanyHeld many political prisonersBuchenwald
34%
AustriaUsed as a camp for the intelligentsia prisonersMauthausen
31%
PolandFirst extermination camp opened to kill Jews of Lodz GhettoChelmno
29%
PolandFirst extermination campBelzec
28%
PolandLocated near LublinMajdanek
26%
GermanyLargest female concentration campRavensbruck
26%
GermanyHeld prominent political prisoners including Joseph Stalin's oldest sonSachsenhausen
21%
Czech RepublicUsed by Nazis as propaganda to make others believe concentration camps were humaneTheresienstadt
21%
GermanyCommanded by Amon GothPlaszow
13%
PolandLast camp liberated by SovietsStutthof
13%
NetherlandsUsed to send Italian and Dutch Jews east to killing centersWesterbork
13%
GermanyHoused surviving members of the Valkyrie conspiracyFlossenburg
11%
PolandIn 1944 held 11% of all concentration camp inmatesGross-Rosen
11%
FranceOnly camp in FranceNatzweiler-Struthof
9%
GermanyPrisoners were used as forced laborers in several industriesNeuengamme
9%
LatviaHeld all Jewish prisoners in LatviaKaiserwald
7%
GermanyProvided workers for the V-2 rocket factoryMittelbau-Dora
6%
UkraineBegan as a factory in Lvov, PolandJanowska
4%

Score Distribution

Percentile by Number Answered

Percent of People with Each Score

Your Score History

You have not taken this quiz